Shools participating in the national network of health promoting schools

Bibliographic Details
Main Authors: Főldes, Tomáš (Author), Slovíková, Mária (Author)
Format: Book
Language:English
PhysicalDescription:21 s. grafy, tab. 21 cm
Published: Bratislava Institute of Information and Prognoses of Education 2005
ISBN:8070983922
Edition:[1. ed.]
Subjects:

MARC

LEADER 00000nam a2200000 a 4500
001 vtls001517476
003 SK-MaSNL
005 20260302003227.0
008 240314s2005 xo dl g f 000 0 eng
015 |a SNBA2005/10-04174 
020 |a 8070983922  |q (brož.) 
035 |a C62798E1-891C-41F8-8B18-648CB6533E20 
035 |a urn:nbn:sk:snk-amk6ob 
035 |a urn:nbn:sk:snk-am008j44 
040 |a SNK  |b slo  |c SNK  |e AACR2 
041 0 |a eng 
072 7 |a 613  |x Hygiiena. Ľudské zdravie  |2 konspekt 
080 |a 613/614  |2 MDT-MRF 
080 |a 613:37.03  |2 MDT-MRF 
080 |a (035)  |2 MDT-MRF 
080 |a 373/378  |2 MDT-MRF 
100 1 |a Főldes, Tomáš  |4 aut  |9 465369 
245 1 0 |a Shools participating in the national network of health promoting schools  |c [authors: Tomáš Főldes, Mária Slovíková] 
250 |a [1. ed.] 
260 |a Bratislava  |b Institute of Information and Prognoses of Education  |c 2005 
300 |a 21 s.  |b grafy, tab.  |c 21 cm 
504 |a Bibliogr. s. 21. Pozn. 
650 0 7 |a školy  |2 SNKPH  |9 1276 
650 0 7 |a zdravie  |2 SNKPH  |9 16322 
650 0 7 |a podpora zdravia  |2 SNKPH  |9 4985 
650 0 7 |a výchova k zdraviu  |2 SNKPH  |9 66742 
655 7 |a príručky  |2 SNKPH  |9 74364 
700 1 |a Slovíková, Mária  |4 aut  |9 11916 
919 |a 80-7098-392-2 
958 |a OND 
968 |d 61 
999 |c 991082  |d 993012 
952 |a SNK  |b SNK  |y PREZ  |7 0  |p 17A0460489  |o snkSC 119205  |i snk2005/3245  |8 0  |0 0  |1 0  |4 0  |d 2005-03-04  |f 1  |l 0  |r 2025-05-28 00:00:00  |w 2026-02-24 
952 |a SNK  |b SNK  |y VYP  |7 0  |p 17A0614489  |o snkSC 119205 D1  |i snk2005/3246  |8 0  |0 0  |1 0  |4 0  |d 2005-03-04  |l 0  |r 2026-02-24 11:48:40  |w 2026-02-24